Handbook of pragmatics : [edited by] Jef Verschueren ... [et al.]
Αποθηκεύτηκε σε:
| Άλλοι συγγραφείς: | |
|---|---|
| Μορφή: | Βιβλίο |
| Γλώσσα: | English |
| Δημοσίευση: |
Amsterdam :
John Benjamins Publishing Company,
c1997
|
| Θέματα: | |
| Ετικέτες: |
Προσθήκη ετικέτας
Δεν υπάρχουν, Καταχωρήστε ετικέτα πρώτοι!
|
MARC
| LEADER | 00000cam a2200000 i 4500 | ||
|---|---|---|---|
| 001 | 1/19162 | ||
| 008 | 010404s1997 eng d | ||
| 020 | |a 090-272-2158-8 | ||
| 035 | |l 10066753 | ||
| 040 | |a GR-MY-UA |b gre |e aacr | ||
| 041 | 0 | |a eng | |
| 082 | 0 | |a 306.44 | |
| 245 | 1 | 0 | |a Handbook of pragmatics : |b [edited by] Jef Verschueren ... [et al.] |
| 260 | |a Amsterdam : |b John Benjamins Publishing Company, |c c1997 | ||
| 300 | |a var. paging | ||
| 504 | |a Includes bibliographical references and index | ||
| 650 | 0 | 0 | |a Pragmatics |x Handbooks, manuals, etc. |
| 650 | 0 | 0 | |a Linguistics |x Methodology |x Handbooks, manuals, etc. |
| 700 | 1 | |a Verschueren, Jef. |4 edt | |
| 852 | |a INST |b LESVOS |e 20010404 |h 306.44 HAN |p 005100029001 |q 005100029001 |t BK |y 0 | ||
| 901 | |a BIBL1-2001-1 | ||
| 909 | |a Λ |b 086995 | ||
| 970 | |a ΤΖΑΦΕΡΗ |b ΕΥΑΓΓΕΛΙΑ |z 2001/04/04 | ||